000 00477nam a2200169Ia 4500
008 230917s9999||||xx |||||||||||||| ||und||
020 _cRS 780.00
040 _e5004701
_aMAIN
041 _aEnglish
082 _a327.540591 M296E
100 _aMallempati, Samatha
245 0 _aEnhancing India-Myanmar ties: The way ahead
260 _aNew Delhi
_bKW Publishers
_c2021
300 _axviii, 122 p.
500 _a4512 28/01/2022 HBD22/9224 28/01/2022 Main Budget
942 _cBK
999 _c5351
_d5351